Právní rádce Měsíčník Hospodářských novin

Gespeichert in:
Bibliographische Detailangaben
Format: Schriftenreihe
Sprache:Tschechisch
Veröffentlicht: Praha Economia 1994
Tags: Tag hinzufügen
Keine Tags, Fügen Sie das erste Tag hinzu!

MARC

LEADER 00000nas2a2200000 4500
001 s018070
005 20250724082810.0
022 |a 1210-4817 
041 0 |a cze 
044 |a CZ 
245 1 0 |a Právní rádce  |b Měsíčník Hospodářských novin 
264 1 |a Praha  |b Economia  |c 1994 
300 |a 1 zv.